Statistics for Most Goals In Champions League History!

Click here to take the quiz!

General Stats

  • This quiz has been taken 77 times
  • The average score is 11 of 20

Answer Stats

GoalsAnswer% Correct
129Messi
100%
140Ronaldo
98%
92Lewandowski
90%
90Benzema
78%
43Mbappe
76%
43Neymar
76%
40Haaland
73%
50Henry
64%
53Thomas Muller
64%
71Raúl
63%
44Drogba
58%
48Ibrahimović
58%
44Salah
47%
56van Nistelrooy
36%
41Aguero
31%
46Inzaghi
31%
42Del Piero
24%
49Di Stéfano
19%
48Shevchenko
17%
46Eusébio
12%

Score Distribution

Percentile by Number Answered

Percent of People with Each Score

Your Score History

You have not taken this quiz